| 000 | 00664nam a2200193 a 4500 | ||
|---|---|---|---|
| 001 | 000025879 | ||
| 005 | 20200930024124.0 | ||
| 008 | 101201s1976 ag a r 000 | spa d | ||
| 040 |
_aDO-SdBNP _bspa _cBNPHU |
||
| 082 |
_axxx _bB719m |
||
| 100 | 1 |
_aBonow, Iva Waisberg, _952732 |
|
| 245 | 1 | 0 |
_aManual de trabajos prácticos en la psicología educacional / _cIva Waisberg Bonow; traducción María Celia Eguidar. |
| 260 |
_aBuenos Aires : _bKapelusz, _c1976. |
||
| 300 |
_a351 p. ; _c23 cm. |
||
| 490 | 1 | _aBiblioteca de Cultura Pedagógica. | |
| 700 | 1 |
_aEguidar , María Celia, _etr. _952733 |
|
| 830 | 0 |
_aBiblioteca de Cultura Pedagógica. _929172 |
|
| 049 | _aBNGR | ||
| 999 |
_c25371 _d25371 |
||